=LDR 00000nam 2200000 4500 =001 INLIS000000000000895 =005 20130612085320 =008 ***********************************Ind** =035 ##$$0010-061300000000895 =041 ##$$a Ind =082 ##$$a 621.381 07 =090 ##$$a 621.381 07, Sur-k =100 ##$$a Suryana, Dadi =245 ##$$a Keterampilan elektronika SLTP untuk kelas 2 dan 3 berdasarkan kurikulum muatan lokal pendidikan dasar 1994 GBPP SLTP, Dadi Suryana, Ferdinand M, Ervin Narto =260 ##$$a 1997 $b Bandung =300 ##$$a ...jild, ilus, 21 cm =650 ##$$a Teknik Elektronika =700 ##$$a Ferdinand 3. Narto, Ervin =850 ##$$a NBPNMAT